Регионална библиотека "Любен Каравелов" - Русе

Отечество (Запис номер 484819)

MARC детайли
000 -Лидер
Контролно поле с фиксирана дължина nam a22 c 4500
003 - Код на организацията, давaща контролен номер
Контролно поле BLK
005 - Дата и час на последна редакция
Контролно поле 20221207124732.0
008 - Елементи от данни с фиксирана дължина
fixed length control field 200311b bul|||||r ||||||| ||bul||
040 ## - Източник на каталожния запис
Идентификатор на билиотеката - собственик на записа BLK
041 ## - Код за език
Код за езика на текст/звукозапис или на отделно заглавие Български
Код за езика КДБФ Български
080 ## - УДК
Текстов определител УДК Политическа теория. Политическа идеология. Политология
УДК код - определител по УДК 32.01
УДК - код + определител 32.01(075.4)
100 ## - Редна дума - Автор
Автор Домусчиев, Иван Стефанов
Авторска отговорност първи автор
R(LIN) 310862
139 ## - Редно поле
Редна дума Отечество
245 10 - Сведения за заглавието
Заглавие Отечество
Подзаглавни данни Учебник : [За участниците в полит. уч. г. на ДКМС]
Редно поле (дума) Иван Домусчиев и др.
257 ## - Страна на издаване
Страна на създаване/издаване България
260 ## - Област на издателските данни
Място на издаване, разпространение и проч. София
Име на издателя, разпространителя и проч. Нар. младеж
Година на издаване 1980
9 (RLIN) 210040
300 ## - Физическа характеристика
Страници 216 с.
Размери/Мащаб 20 см
380 ## - Жанр
Жанр Обществени науки
490 ## - СЕРИИ (Колекции)
Име на серия В помощ на политическата учебна година на Димитровския комсомол
9 (RLIN) 206517
500 ## - Общи забележки
Забележка Други авт.: А. Стоилкова, Г. Славов, Р. Цакова, Д. Дашков<br/>Изд. на Клуб Съвременник. Секция Отечество;<br/>Библиогр. с. 205-214
650 #0 - Допълнително описание по предмет – тема
9 (RLIN) 290321
Основно описание – тема или топоним Идеологическа работа
650 #0 - Допълнително описание по предмет – тема
9 (RLIN) 284549
Основно описание – тема или топоним ДКМС - идейно-възпитателна работа
852 ## - Местоположение
Форматна сигнатура Цб 106140
Фондова буква Хранилище
856 ## - Електронен адрес и достъп
Инструкция (цена за достъп) 0.00
Права за достъп disable
999 ## - СИСТЕМНИ КОНТРОЛНИ НОМЕРА
Koha biblionumber 484819
Koha biblioitemnumber 484819
942 ## - АРТИКУЛИ
Вид на библиотечния материал Книги
Скрит в OPAC Не
Периодичен библиозапис Да
944 ## - СЪЗДАВАНЕ И РЕДАКЦИЯ на ЗАПИСА
Създаване/Редакция Създаване
Дата на регистрацията/редакция 2022-12-07
Служител, извършил регистрацията/редакцията нр
Наличности
Код за отписване Код за изгубен артикул Източник на класификационната схема Код за повреда Коз за рестрикции Код за отдаване Артикулен № Име на библиотеката - собственик Име на библиотеката, в която се намира в момента Статус (Текущо местоположение) Дата на вписване в системата Местоположение - отдел Цена в лева Инвентарен номер Систематично азбучна сигнатура Баркод Цена в евро Служебен тип на артикула
  Не е изгубен Universal Decimal Classification Не е повреден само за читалня ползва се в читалня 916960 Регионална библиотека "Любен Каравелов" Русе Регионална библиотека "Любен Каравелов" Русе Хранилище 2022-12-08 Хранилище 0.93 315975 Цб 106140 120000315975 0.48 Книги
Vip Innovations Ltd, Rousse, Bulgaria 2025